[Event "Summer Cup"]
[Site "Wellington Chess Club"]
[Date "2021.01.28"]
[Round "1.8"]
[White "Farrington, Lawrence"]
[Black "Wojnar, Maciej"]
[Result "0-1"]
[WhiteElo "1611"]
[BlackElo "2101"]

1. e4 Nf6 2. e5 Nd5 3. c4 Nb6 4. d4 d6 5. f4 g6 6. Nf3 Bg7 7. Nc3 O-O 8. Be2
Be6 9. d5 Bg4 10. exd6 Bxf3 11. gxf3 exd6 12. O-O f5 13. Be3 N8d7 14. Qd2 a6
15. Nd1 Qe7 16. Re1 Rae8 17. Rb1 Nf6 18. Bf2 Nh5 19. Bf1 Qd8 20. Bg3 Rxe1 21.
Qxe1 Re8 22. Qd2 Qe7 23. Nc3 Qe3+ 24. Qxe3 Rxe3 25. Rc1 Bxc3 26. Rxc3 Rxc3 27.
bxc3 Na4 28. Be1 Nxf4 29. Kf2 Nc5 30. Ke3 g5 31. h4 h6 32. hxg5 hxg5 33. Bg3
Ng6 34. Kd4 Kf7 35. Be1 Kf6 36. Bd2 f4 37. Bh3 Nh4 38. Bg4 Nf5+ 39. Bxf5 Kxf5
40. Be1 g4 41. fxg4+ Kxg4 42. Bf2 Kf3 43. Bh4 Ke2 44. a4 f3 45. a5 Nb3+ 0-1

[Event "Summer Cup"]
[Site "Wellington Chess Club"]
[Date "2021.01.28"]
[Round "1.9"]
[White "Wojnar, Jacek"]
[Black "Loke, Kayden"]
[Result "1-0"]
[WhiteElo "2057"]
[BlackElo "1608"]

1. e4 e5 2. Bc4 Bc5 3. Nf3 Nc6 4. O-O Nf6 5. d3 O-O 6. Nc3 d6 7. h3 h6 8. Na4
Bb6 9. Nxb6 axb6 10. a3 Be6 11. Bxe6 fxe6 12. Nh2 Rf7 13. f4 Qe7 14. f5 Raf8
15. Be3 exf5 16. Rxf5 Nd7 17. Rxf7 Kxf7 18. Qh5+ Ke6 19. d4 Nxd4 20. Bxd4 exd4
21. Qd5+ 1-0

[Event "Summer Cup"]
[Site "Wellington Chess Club"]
[Date "2021.01.28"]
[Round "1.10"]
[White "Pendharkar, Ajit"]
[Black "Pomeroy, Arthur"]
[Result "0-1"]
[WhiteElo "1605"]
[BlackElo "2039"]

1. Nf3 g6 2. c4 Bg7 3. Nc3 d6 4. g3 e5 5. Bg2 Nc6 6. d3 Nge7 7. O-O O-O 8. Rb1
a5 9. Bg5 f6 10. Bd2 Be6 11. a3 Qd7 12. b4 axb4 13. axb4 Bh3 14. b5 Nd8 15. e4
Bxg2 16. Kxg2 Ne6 17. Qc2 f5 18. Ng5 f4 19. Nf3 g5 20. Ng1 f3+ 21. Nxf3 Rxf3
22. Be3 Raf8 23. Qd1 R3f7 24. Qc1 h6 25. Nd1 Ng6 26. Qd2 Nd4 27. Bxd4 exd4 28.
Rb2 Ne5 29. h3 Rf3 30. Rb3 Nxc4 31. Qa2 Ne5 32. Nb2 Qf7 33. Ra3 Qxa2 34. Rxa2
Nxd3 35. Nxd3 Rxd3 36. Ra7 Rc3 37. Rxb7 d3 38. b6 d2 39. Rd1 cxb6 40. Rxd2 Rc6
41. Ra2 Bd4 42. g4 Rf7 43. Rb8+ Kg7 44. Re2 Rfc7 45. Ra8 Rc2 46. Ra2 Rxe2 47.
Rxe2 Kf6 48. Rd2 Bc5 49. Rd5 Ke6 50. h4 Kf6 51. Rf5+ Kg6 52. h5+ Kg7 53. Rd5 b5
54. e5 dxe5 55. Rxe5 b4 56. Re1 Bd4 57. Re4 Bc3 58. Re6 Rb7 59. Rg6+ Kh7 60.
Rc6 b3 61. Rxc3 b2 0-1

[Event "Summer Cup"]
[Site "Wellington Chess Club"]
[Date "2021.01.28"]
[Round "1.11"]
[White "Forster, Bill"]
[Black "Van der Hoorn, Thomas"]
[Result "1-0"]
[WhiteElo "2038"]
[BlackElo "1599"]

1. d4 Nf6 2. c4 e6 3. Nc3 Bb4 4. e3 c5 5. Bd3 Bxc3+ 6. bxc3 d6 7. Nf3 O-O 8.
O-O Nc6 9. e4 e5 10. h3 b6 11. Be3 Re8 12. d5 Na5 13. Nd2 Ba6 14. f4 Nd7 15. f5
f6 16. g4 Qe7 17. Kh2 g5 18. fxg6 hxg6 19. g5 Rf8 20. Qg4 Kg7 21. Rg1 Qf7 22.
Raf1 Rae8 23. Rg2 Rg8 24. Rgf2 Bc8 25. gxf6+ Nxf6 26. Qg5 Rgf8 27. Qh6+ Kg8 28.
Rg2 Qh7 29. Rxg6+ 1-0

[Event "Summer Cup"]
[Site "Wellington Chess Club"]
[Date "2021.01.28"]
[Round "1.12"]
[White "Bielski, Nikolas"]
[Black "Stone, Andrew"]
[Result "1/2-1/2"]
[WhiteElo "1515"]
[BlackElo "2037"]

1. c4 Nf6 2. Nc3 g6 3. g3 d5 4. cxd5 Nxd5 5. Bg2 Nb6 6. d4 Bg7 7. e3 O-O 8.
Nge2 c5 9. O-O cxd4 10. Nxd4 e5 11. Nc2 Qe7 12. e4 Rd8 13. Qe2 Nc6 14. Nd5 Nxd5
15. exd5 Nb4 16. Nxb4 Qxb4 17. Bg5 f6 18. Be3 Bg4 19. Qd2 Qxd2 20. Bxd2 Be2 21.
Rfc1 f5 22. Rc7 e4 23. Rac1 Bxb2 24. R1c2 Be5 25. Re7 Rxd5 26. h4 Rad8 27. Rxe5
Rxe5 28. Bf4 Rd1+ 29. Kh2 Re7 30. Rxe2 Rd3 31. Be3 b5 32. Rb2 a6 33. Rd2 Red7
34. Rc2 Rd1 35. Rc6 a5 36. Rc5 Rb7 37. Rc1 Rbd7 38. Rc5 Rb7 1/2-1/2

[Event "Summer Cup"]
[Site "Wellington Chess Club"]
[Date "2021.01.28"]
[Round "1.14"]
[White "Chaturvedi, Vivaan"]
[Black "Symon, Christopher"]
[Result "0-1"]
[WhiteElo "1500"]
[BlackElo "2022"]

1. e4 c5 2. Nf3 Nc6 3. d4 cxd4 4. Nxd4 Nf6 5. Nc3 g6 6. Bg5 Bg7 7. Bc4 O-O 8.
O-O Qb6 9. Nb3 e6 10. Qd2 Ne5 11. Be2 Rd8 12. Bxf6 Bxf6 13. Kh1 Nc6 14. f4 d6
15. Qd3 Qc7 16. Qf3 a6 17. e5 dxe5 18. fxe5 Bg7 19. Rf2 Nxe5 20. Qf4 Qe7 21.
Raf1 b5 22. Nd4 Bd7 23. Nf3 Nxf3 24. Qxf3 Be8 25. Ne4 Bxb2 26. Nf6+ Bxf6 27.
Qxf6 Qxf6 28. Rxf6 Rac8 29. Bd3 Rc3 30. R6f2 Ra3 31. Ra1 Bc6 32. Be2 Rd2 33.
Kg1 Rxc2 34. Bd1 Rxf2 35. Kxf2 Bd5 36. Ke2 Rxa2+ 37. Rxa2 Bxa2 38. Kd3 Bd5 39.
Kc3 Bxg2 40. Kb4 Bf1 41. Ka5 f5 42. Bf3 g5 43. Kxa6 g4 44. Bd1 h5 45. Bb3 Kf7
46. Kb6 h4 47. Kc6 g3 48. Kd6 Bc4 49. Bd1 gxh2 50. Bf3 Bd5 51. Bh5+ Kf6 52. Bf3
Bxf3 53. Kc5 h1=Q 54. Kxb5 Qc1 55. Kb4 Ke5 56. Kb3 Bd5+ 57. Kb4 Qc4+ 58. Ka5
Qb3 59. Ka6 Qb4 60. Ka7 Qb7# 0-1

[Event "Summer Cup"]
[Site "Wellington Chess Club"]
[Date "2021.01.28"]
[Round "1.15"]
[White "Jackson, Ross"]
[Black "Jones, Christopher"]
[Result "1-0"]
[WhiteElo "2006"]
[BlackElo "1500"]

1. d4 d5 2. c4 c6 3. Nf3 Nf6 4. e3 Bf5 5. Bd3 Bg6 6. Nc3 e6 7. O-O Nbd7 8. b3
Bd6 9. Bb2 e5 10. Nxe5 Nxe5 11. dxe5 Bxe5 12. Rc1 dxc4 13. Bxc4 Qxd1 14. Nxd1
Bxb2 15. Nxb2 Rd8 16. Rfd1 O-O 17. Be2 Bh5 18. f3 Nd5 19. Kf2 Rfe8 20. e4 Nf6
21. Nc4 b6 22. Nd6 Re7 23. Nf5 Red7 24. Rxd7 Rxd7 25. Rxc6 h6 26. Nd6 Kf8 27.
Rc8+ Ke7 28. Nf5+ 1-0

[Event "Summer Cup"]
[Site "Wellington Chess Club"]
[Date "2021.01.28"]
[Round "1.16"]
[White "Keay, Matt"]
[Black "Dunn, Paul"]
[Result "0-1"]
[WhiteElo "1500"]
[BlackElo "2000"]

1. e4 e5 2. Nf3 Nc6 3. Bc4 Bc5 4. c3 Nf6 5. d3 d6 6. h3 a6 7. O-O Ba7 8. a3 h6
9. Re1 g5 10. d4 Qe7 11. Qd3 g4 12. hxg4 Bxg4 13. Nh4 exd4 14. f3 dxc3+ 15. Be3
cxb2 16. Ra2 Ne5 17. Qb3 Bxe3+ 18. Rxe3 Nxc4 19. Qxc4 Be6 20. Qc3 Bxa2 21. e5
Nd5 22. exd6 Qxe3+ 0-1

[Event "Summer Cup"]
[Site "Wellington Chess Club"]
[Date "2021.01.28"]
[Round "1.17"]
[White "Sole, Michael"]
[Black "Malcolm, Aidan"]
[Result "1-0"]
[WhiteElo "1986"]
[BlackElo "1500"]

1. d4 d5 2. c4 e6 3. Nf3 Nf6 4. g3 Nbd7 5. Bg2 Be7 6. O-O b6 7. Nc3 Bb7 8. cxd5
exd5 9. Bf4 c5 10. dxc5 Nxc5 11. Nb5 O-O 12. Nbd4 Bd6 13. Bxd6 Qxd6 14. Rc1
Rfe8 15. b4 Ncd7 16. Qa4 a6 17. Nf5 Qe6 18. N3d4 Qe5 19. f4 Qb8 20. Rfd1 b5 21.
Qa5 Qa7 22. Nd6 Rxe2 23. Nxb7 Rxg2+ 24. Kxg2 Qxb7 25. Rc7 Qb6 26. Qxb6 Nxb6 27.
Re1 Nbd7 28. Re7 Kf8 29. Rexd7 Nxd7 30. Rxd7 Rc8 31. Rxd5 Rc4 32. Nf5 Rc2+ 33.
Kh3 Rc8 34. Rd6 Ra8 35. Rb6 g6 36. Nd6 a5 37. bxa5 Rxa5 38. Rxb5 Rxa2 39. Rb7
Ra6 40. Nxf7 1-0

[Event "Summer Cup"]
[Site "Wellington Chess Club"]
[Date "2021.01.28"]
[Round "1.18"]
[White "Miller, Jackson"]
[Black "Tanoi, Edward"]
[Result "0-1"]
[WhiteElo "1500"]
[BlackElo "1934"]

1. e4 c5 2. Nf3 Nc6 3. d4 cxd4 4. Nxd4 e5 5. Nb5 d6 6. c4 a6 7. N5c3 Be7 8. Nd5
Be6 9. Nbc3 Nf6 10. Bd3 O-O 11. Nxe7+ Qxe7 12. Nd5 Qd8 13. Bg5 Bxd5 14. cxd5
Nb8 15. O-O Nbd7 16. b4 h6 17. Be3 Rc8 18. Qd2 Kh7 19. f4 Ng4 20. Rac1 Nxe3 21.
Rxc8 Qxc8 22. Rc1 Qd8 23. Qxe3 exf4 24. e5+ g6 25. Qxf4 Nxe5 26. Be4 Kg7 27. a3
Qd7 28. Rc3 Rc8 29. Rxc8 Qxc8 30. Qd2 Qg4 31. Qc2 Qf4 32. h3 Qe3+ 33. Kh2 Qxa3
34. Qb1 Qc3 35. b5 a5 36. b6 a4 37. Qc2 Qb4 38. Qb1 Qxb1 39. Bxb1 a3 40. Ba2
Nd7 41. Kg3 Kf6 42. Kf4 Nxb6 43. Ke4 Na4 44. Kd4 b5 45. g3 h5 46. Bb3 Nc5 47.
Ba2 b4 48. Bc4 b3 49. Kc3 Ke5 50. Bxb3 Nxb3 51. Kxb3 Kxd5 0-1

[Event "Summer Cup"]
[Site "Wellington Chess Club"]
[Date "2021.01.28"]
[Round "1.19"]
[White "Chen, Wei Kai"]
[Black "Qu, Lucas"]
[Result "1-0"]
[WhiteElo "1929"]
[BlackElo "1500"]

1. e4 e5 2. Nf3 Nc6 3. Bc4 h6 4. O-O Nf6 5. Nc3 Bc5 6. d3 O-O 7. Be3 d6 8. h3
Re8 9. Nd5 Be6 10. c3 a6 11. d4 exd4 12. cxd4 Ba7 13. Nxf6+ Qxf6 14. d5 Bxe3
15. dxe6 fxe6 16. fxe3 Qxb2 17. Nd4 Nxd4 18. Qxd4 Qxd4 19. exd4 b5 20. Bb3 Rad8
21. Rac1 c6 22. Rxc6 a5 23. Rc7 a4 24. Bc2 Rc8 25. Rff7 Rxc7 26. Rxc7 d5 27.
Kf2 dxe4 28. Bxe4 Rf8+ 29. Ke3 e5 30. dxe5 Re8 31. Kd4 Rd8+ 32. Kc5 b4 33. e6
b3 34. axb3 axb3 35. Bd5 Rb8 36. e7+ Kh7 37. Bxb3 Rxb3 38. e8=Q Rc3+ 39. Kd6
Rxc7 40. Kxc7 g6 41. Qe7+ Kg8 42. Kd6 g5 43. Ke6 h5 44. Kf6 h4 45. Qg7# 1-0

[Event "Summer Cup"]
[Site "Wellington Chess Club"]
[Date "2021.01.28"]
[Round "1.20"]
[White "Uzbekov, Igor"]
[Black "Jelley, Arch"]
[Result "1-0"]
[WhiteElo "1500"]
[BlackElo "1910"]

1. e4 d6 2. d4 g6 3. Nf3 Bg7 4. Nc3 Nf6 5. Bc4 O-O 6. O-O Bg4 7. h3 Bxf3 8.
Qxf3 Nbd7 9. Bf4 e5 10. dxe5 dxe5 11. Bg5 h6 12. Bxf6 Qxf6 13. Qxf6 Nxf6 14.
Rad1 c6 15. a4 a6 16. a5 Rfd8 17. f3 Bf8 18. Na4 Bb4 19. Nb6 Bc5+ 20. Kh2 Bxb6
21. axb6 Nd7 22. Rd6 Nxb6 23. Rxg6+ Kh7 24. Bxf7 Rf8 25. Rd1 Rxf7 26. Rdd6 Rg7
27. Rxh6+ Kg8 28. Rhe6 Nc4 29. Rd3 Kf7 30. Rh6 Ke7 31. b3 Nb6 32. Rdd6 a5 33.
Rde6+ Kd7 34. Rxe5 a4 35. bxa4 Rxa4 36. Rc5 Rc4 37. Rxc4 Nxc4 38. f4 Ne3 39. g4
Nxc2 40. e5 b5 41. Rd6+ Kc7 42. f5 b4 43. Rg6 Re7 44. f6 Rxe5 45. f7 Re2+ 46.
Kg3 1-0

[Event "Summer Cup"]
[Site "Wellington Chess Club"]
[Date "2021.01.28"]
[Round "1.21"]
[White "Hall, Nathan"]
[Black "Vachon, Mia"]
[Result "1-0"]
[WhiteElo "1867"]
[BlackElo "1500"]

1. Nf3 c5 2. c4 Nc6 3. Nc3 e6 4. e3 Nf6 5. d4 b6 6. d5 Ne7 7. d6 Nc6 8. Nb5 Rb8
9. Nc7+ Qxc7 10. dxc7 Ra8 11. Be2 d5 12. cxd5 exd5 13. Bb5 Bd7 14. Qa4 Rc8 15.
Bxc6 Rxc7 16. Bxd7+ Rxd7 17. Ne5 1-0

[Event "Summer Cup"]
[Site "Wellington Chess Club"]
[Date "2021.01.28"]
[Round "1.22"]
[White "Winsley, Daniel"]
[Black "Rossiter, Philip"]
[Result "1-0"]
[WhiteElo "1500"]
[BlackElo "1861"]

1. Nf3 Nf6 2. d4 d5 3. c4 c6 4. Nc3 Bf5 5. cxd5 Nxd5 6. a3 h6 7. e3 e6 8. Bd3
Bxd3 9. Qxd3 Nd7 10. O-O Be7 11. e4 N5b6 12. b4 Qc7 13. g3 O-O 14. Bf4 Bd6 15.
e5 Be7 16. Rac1 Qd8 17. Rfe1 a5 18. bxa5 Rxa5 19. Nb1 c5 20. Bd2 Ra6 21. Re4
cxd4 22. Rg4 Kh8 23. Rxd4 Ra4 24. Rxa4 Nxa4 25. Qb5 Nac5 26. Bb4 Re8 27. Nbd2
b6 28. Nc4 Nd3 29. Rd1 N7c5 30. Qxb6 Qxb6 31. Nxb6 Nxb4 32. axb4 Ne4 33. Rd4
Nc3 34. Rc4 Nb5 35. Nd7 Ra8 36. Nb6 Ra1+ 37. Kg2 Rb1 38. Rf4 Kg8 39. Nd2 Rxb4
40. Rxb4 Bxb4 41. Ndc4 Bf8 42. Nd7 Nd4 43. g4 Nc6 44. f4 Ne7 45. h4 Nd5 46. Kf3
Be7 47. h5 g6 48. Ke4 f5+ 49. exf6 Nxf6+ 50. Nxf6+ Bxf6 51. hxg6 Kg7 52. f5
exf5+ 53. gxf5 Bc3 54. Kf4 Kf6 55. Kg4 Bd4 56. Nd6 Be3 57. Kh5 Kg7 58. Ne8+ Kg8
59. Nf6+ Kg7 60. Ng4 Bd4 61. Nxh6 Bf6 62. Ng4 Bd8 63. f6+ Kg8 64. Kh6 Kf8 65.
Kh7 1-0

[Event "Summer Cup"]
[Site "Wellington Chess Club"]
[Date "2021.01.28"]
[Round "1.23"]
[White "Wevers, Alexis"]
[Black "Cooke, Xandi"]
[Result "1-0"]
[WhiteElo "1831"]
[BlackElo "1475"]

1. e4 { Coming into this game I was expecting the London system or the gran
prix sicillian } 1... c5 2. Nc3 Nc6 3. Bc4 { This threw me out of prep quickly
and decided that I would be best to continue developing. Considered e6 (which
is best). } 3... g6 4. d3 d6 5. f4 Bg7 6. Nf3 Bd7 { The whole time before this
e6 was always the best/ } 7. O-O Bg4 { Well it goes downhill here. I didnt see
the tactic and i thought after time i had ideas of pressuring c2. } 8. Bxf7+
Kxf7 9. Ng5+ Ke8 10. Qxg4 Qc8 11. Qe6 Qxe6 12. Nxe6 { Me and Alexis discussed
that he should not have traded queens here. The engine confirms this turning a
+3 advantage to +2. } 12... Kf7 13. f5 gxf5 14. exf5 Nh6 15. Nd5 Bd4+ 16. Nxd4
Nxd4 17. Bxh6 { another blunder that really installed that i was going to lose.
} 17... Nxf5 { Thought i may have a cheap tactic if he blundred with this move.
} 18. Rae1 Kg6 19. Re6+ { No way to avoid mate so black resigns. 1-0 } 1-0

[Event "Summer Cup"]
[Site "Wellington Chess Club"]
[Date "2021.01.28"]
[Round "1.24"]
[White "Bennett, Ezra"]
[Black "Aldridge, Alan"]
[Result "0-1"]
[WhiteElo "1399"]
[BlackElo "1826"]

1. d4 Nf6 2. Nf3 e6 3. e3 b6 4. Bd3 Bb7 5. Nbd2 d5 6. O-O Nbd7 7. Re1 Ne4 8. c3
Bd6 9. Nb3 O-O 10. Nfd2 Bxh2+ 11. Kxh2 Qh4+ 12. Kg1 Nxf2 13. Nf3 Qg3 14. Qe2
Nxd3 15. Qxd3 e5 16. Qe2 e4 17. Nh2 f5 18. Rf1 Rf6 19. Qf2 Qg6 20. Qf4 Rc8 21.
Nd2 Nf8 22. c4 c6 23. b3 Ne6 24. Qh4 Qf7 25. Rf2 c5 26. Bb2 cxd4 27. Raf1 dxe3
28. Bxf6 exf2+ 29. Qxf2 Qxf6 30. cxd5 Bxd5 31. Qxf5 Qxf5 32. Rxf5 Rd8 33. Ng4
Nc5 34. Rg5 Kh8 35. Re5 Be6 36. Nxe4 Bxg4 37. Nxc5 bxc5 38. Rxc5 h6 39. Rc7 a6
40. b4 Rd2 41. a4 Ra2 42. b5 Rxa4 43. b6 Rb4 44. b7 Kh7 45. Rc4 Rxb7 46. Rxg4
a5 47. Ra4 Ra7 48. Kf2 Kg6 49. Ke3 Kf5 50. Kf3 g6 51. Rf4+ Ke5 52. Re4+ Kd5 53.
Ra4 Kc5 54. Ra1 a4 55. Kf4 a3 56. Ke5 Ra6 57. Rc1+ Kb4 58. Kd4 Kb3 59. Kd3 Rd6+
0-1

[Event "Summer Cup"]
[Site "Wellington Chess Club"]
[Date "2021.01.28"]
[Round "1.25"]
[White "Robinson, Max"]
[Black "Dunlop, Rafe"]
[Result "1-0"]
[WhiteElo "1805"]
[BlackElo "1376"]

1. d4 d5 2. c4 e6 3. Nf3 Nf6 4. g3 Be7 5. Bg2 O-O 6. O-O c5 7. cxd5 Nxd5 8. e4
Nf6 9. Nc3 Nc6 10. d5 exd5 11. e5 Ng4 12. Qxd5 Qxd5 13. Nxd5 Re8 14. Nc7 Ngxe5
15. Nxe8 Nxf3+ 16. Bxf3 Bh3 17. Nc7 Rd8 18. Re1 Kf8 19. Be3 Nd4 20. Bxd4 cxd4
21. Rad1 Bb4 22. Re2 d3 23. Rxd3 1-0

[Event "Summer Cup"]
[Site "Wellington Chess Club"]
[Date "2021.01.28"]
[Round "1.26"]
[White "Osborne, Geoff"]
[Black "Dixon, Hamish"]
[Result "0-1"]
[WhiteElo "1252"]
[BlackElo "1724"]

1. Nf3 d5 2. g3 Nc6 3. Bg2 e5 4. d3 Nf6 5. O-O Bg4 6. Nbd2 Be7 7. Qe1 Qd7 8. e4
dxe4 9. dxe4 Bh3 10. Qe2 O-O-O 11. Ng5 Bxg2 12. Kxg2 Bd6 13. Nc4 Qe7 14. c3 h6
15. Nf3 g5 16. b4 a6 17. a4 Nb8 18. b5 g4 19. Nh4 Qe6 20. bxa6 Nxa6 21. a5 Bc5
22. Be3 Bxe3 23. Qxe3 Qxc4 24. Rab1 Qxe4+ 25. Qxe4 Nxe4 26. Rb3 Nd2 0-1

[Event "Summer Cup"]
[Site "Wellington Chess Club"]
[Date "2021.01.28"]
[Round "1.27"]
[White "Webster, Jamie"]
[Black "Asher, Bruce"]
[Result "1-0"]
[WhiteElo "1720"]
[BlackElo "1193"]

1. e4 e5 2. Nf3 Nc6 3. Bb5 a6 4. Ba4 Nf6 5. O-O Nxe4 6. d4 exd4 7. Nxd4 Bc5 8.
Re1 Qe7 9. Bxc6 bxc6 10. Nc3 Qe5 11. Rxe4 Bxd4 12. Qxd4 d6 13. Rxe5+ dxe5 14.
Qxe5+ Be6 15. Bf4 Rd8 16. f3 Rd6 17. Qxg7 Rf8 18. Bh6 Ke7 19. Qxf8+ Kd7 20. Ne4
Rd4 21. Nc5# 1-0

[Event "Summer Cup"]
[Site "Wellington Chess Club"]
[Date "2021.01.28"]
[Round "1.28"]
[White "Wang, Cheng Qi(Max)"]
[Black "Winsley, Nicholas"]
[Result "1-0"]
[WhiteElo "1034"]
[BlackElo "1690"]

1. e4 c5 2. Nf3 d6 3. d4 cxd4 4. Nxd4 Nf6 5. Nc3 a6 6. Be3 Ng4 7. Bd2 Qb6 8.
Be2 Nxf2 9. Kxf2 Qxd4+ 10. Be3 Qe5 11. Nd5 Kd8 12. Nb6 Nd7 13. Nxa8 Qxb2 14.
Qb1 Qf6+ 15. Bf3 d5 16. exd5 b5 17. Qe1 e5 18. dxe6 Ne5 19. Qa5+ Ke7 20. Qc7+
Bd7 21. exd7 Ng4+ 22. Ke2 1-0

[Event "Summer Cup"]
[Site "Wellington Chess Club"]
[Date "2021.02.04"]
[Round "2.1"]
[White "Dunn, Paul"]
[Black "Croad, Nicolas"]
[Result "0-1"]
[WhiteElo "2000"]
[BlackElo "2455"]

1. d4 Nf6 2. c4 e6 3. Nc3 Bb4 4. f3 c5 5. d5 d6 6. e4 b5 7. dxe6 Bxe6 8. Bf4
bxc4 9. Bxd6 Nc6 10. a3 Bxc3+ 11. bxc3 Qa5 12. Qc2 Rd8 13. Bg3 Nd4 14. Qb2 Nb3
15. Rd1 Rxd1+ 16. Kxd1 O-O 0-1

[Event "Summer Cup"]
[Site "Wellington Chess Club"]
[Date "2021.02.04"]
[Round "2.2"]
[White "Sole, Michael"]
[Black "Wastney, Scott"]
[Result "0-1"]
[WhiteElo "1986"]
[BlackElo "2434"]

1. d4 d5 2. c4 e6 3. Nc3 Be7 4. Bf4 Nf6 5. e3 O-O 6. Rc1 c5 7. Be2 cxd4 8. exd4
dxc4 9. Bxc4 Nc6 10. Nf3 Nb4 11. O-O Nbd5 12. Bg3 Bd7 13. Nxd5 Nxd5 14. Bxd5
exd5 15. Bc7 Qe8 16. Qb3 b6 17. Qxd5 Be6 18. Qb7 Qb5 19. Bb8 Rfxb8 20. Qxe7
Qxb2 21. a3 Re8 22. Qb4 Qxb4 23. axb4 a5 24. bxa5 bxa5 25. Ra1 a4 26. Ra3 Reb8
27. h3 Rb4 28. Rd1 Bd5 29. Ne5 Rd8 30. Rda1 f6 31. Nd3 Rb3 32. Nf4 Rxa3 33.
Rxa3 Bb3 34. Kf1 Rxd4 35. g3 g5 36. Ng2 Rd2 37. Ne3 Ra2 38. Rxa2 Bxa2 39. Ke1
Be6 40. h4 gxh4 41. gxh4 a3 42. Nc2 a2 43. Kf1 Kg7 44. Kg2 Kg6 45. Kg3 Kh5 46.
Na1 Bd7 47. f3 Ba4 48. Kh3 Bd1 49. Kg3 f5 50. f4 Kg6 51. Kf2 Kf6 52. Ke3 Ba4
53. Kf2 Ke6 54. Ke3 Kd5 55. Kd3 h5 56. Ke3 Kc4 57. Kd2 Kd4 0-1

[Event "Summer Cup"]
[Site "Wellington Chess Club"]
[Date "2021.02.04"]
[Round "2.3"]
[White "Dive, Russell"]
[Black "Chen, Wei Kai"]
[Result "1-0"]
[WhiteElo "2407"]
[BlackElo "1929"]

1. Nf3 {.} 1... d5 2. c4 c6 3. b3 Nf6 4. Bb2 Bf5 5. d3 e6 6. Nh4 Bg6 7. g3 d4
8. Bg2 Bb4+ 9. Nd2 e5 10. O-O Nbd7 11. a3 Be7 12. b4 Ng4 13. Nxg6 hxg6 14. h3
Nh6 15. c5 Nf6 16. Nc4 Qc7 17. e3 Rd8 18. exd4 exd4 19. Qa4 Nf5 20. Qxa7 Nd5
21. Nd6+ Bxd6 22. cxd6 Rxd6 23. Bxd4 f6 24. Rac1 Kf7 25. b5 Nf4 26. Bb6 Ne2+
27. Kh2 Qd7 28. bxc6 bxc6 29. Qxd7+ Rxd7 30. Rxc6 Rxd3 31. Rc7+ Kg8 32. a4 Nc3
33. a5 Nb5 34. Rc8+ Kh7 35. Rxh8+ Kxh8 36. Rb1 Nfd6 37. Bf1 Rd5 38. a6 Nc8 39.
Be3 Nbd6 40. Rb8 Kh7 41. Bg2 Ra5 42. Bb7 Ra2 43. Rxc8 1-0

[Event "Summer Cup"]
[Site "Wellington Chess Club"]
[Date "2021.02.04"]
[Round "2.4"]
[White "Hall, Nathan"]
[Black "Winter, Ryan"]
[Result "1-0"]
[WhiteElo "1867"]
[BlackElo "2165"]

1. d4 d5 2. Bf4 c5 3. e3 cxd4 4. exd4 Nc6 5. c3 Nf6 6. Bd3 g6 7. Nd2 Bf5 8. Qe2
Bxd3 9. Qxd3 e6 10. h4 Bd6 11. Bxd6 Qxd6 12. Ngf3 O-O-O 13. O-O-O Kb8 14. Rhe1
Qc7 15. Ne5 Nxe5 16. dxe5 Nd7 17. f4 d4 18. Ne4 Nc5 19. Qc4 Nxe4 20. Qxc7+ Kxc7
21. Rxe4 dxc3 22. Rc4+ Kb6 23. Rxc3 Rxd1+ 24. Kxd1 Rd8+ 25. Ke2 a5 26. Rb3+ Ka6
27. Rc3 Rd7 28. h5 b5 29. Rc8 g5 30. g3 gxf4 31. gxf4 Rd4 32. Ke3 Rd1 33. Rc7
Rh1 34. Rxf7 Rxh5 35. Rf6 Rh1 36. Rxe6+ Kb7 37. Rd6 Kc7 38. f5 Re1+ 39. Kf4 h5
40. Rh6 Re2 41. Rxh5 Rxb2 42. Rh7+ Kd8 43. e6 Re2 44. Rd7+ Ke8 45. Kg5 a4 46.
Rb7 Re3 47. Kf6 Kd8 48. Kf7 Re5 49. f6 Kc8 50. Ra7 Kb8 51. e7 Kxa7 52. e8=Q
Rxe8 53. Kxe8 1-0

[Event "Summer Cup"]
[Site "Wellington Chess Club"]
[Date "2021.02.04"]
[Round "2.5"]
[White "Wojnar, Maciej"]
[Black "Robinson, Max"]
[Result "1-0"]
[WhiteElo "2101"]
[BlackElo "1805"]

1. e4 c5 2. Nc3 a6 3. a4 Nc6 4. f4 e6 5. Nf3 d5 6. e5 Nh6 7. g3 Rb8 8. Bg2 Nf5
9. O-O b5 10. axb5 axb5 11. g4 Nh4 12. Nxh4 Qxh4 13. h3 Be7 14. d3 O-O 15. Bd2
b4 16. g5 g6 17. Be1 Qh5 18. Qxh5 gxh5 19. Ne2 b3 20. c3 Bb7 21. Ng3 h4 22. Nh5
Ra8 23. Bxh4 Ra2 24. Rxa2 bxa2 25. Ra1 Ra8 26. Ng3 Ra4 27. Ne2 Na5 28. Nc1 Rxf4
29. Bg3 Ra4 30. h4 Kg7 31. Rxa2 Rxa2 32. Nxa2 Nb3 33. c4 h6 34. gxh6+ Kxh6 35.
Nc3 Nc1 36. cxd5 Nxd3 37. d6 Bxg2 38. Kxg2 Bd8 39. Na4 Kg6 40. h5+ Kxh5 41. Kf3
Kg5 42. Ke4 c4 43. b3 Nb2 44. Nxb2 c3 45. Nc4 c2 46. Bf4+ Kg4 47. b4 Bg5 48.
Ne3+ 1-0

[Event "Summer Cup"]
[Site "Wellington Chess Club"]
[Date "2021.02.04"]
[Round "2.6"]
[White "Aldridge, Alan"]
[Black "Wojnar, Jacek"]
[Result "0-1"]
[WhiteElo "1826"]
[BlackElo "2057"]

1. e4 e5 2. Nf3 Nc6 3. Bb5 a6 4. Ba4 Bc5 5. c3 Nf6 6. d4 exd4 7. O-O O-O 8.
cxd4 Be7 9. e5 Nd5 10. Bb3 Nb6 11. d5 Na5 12. Bc2 d6 13. Qd3 g6 14. Qc3 Nac4
15. Bh6 Nxe5 16. Nxe5 dxe5 17. Bxf8 Bxf8 18. Na3 Nxd5 19. Rad1 Be6 20. Qf3 c6
21. Nc4 Qc7 22. Bb3 Bc5 23. Rfe1 Bd4 24. Ne3 Nxe3 25. fxe3 Bxb3 26. axb3 Bc5
27. Rd3 Rd8 28. Red1 Rxd3 29. Rxd3 Qe7 30. Qd1 Qg5 31. Qf3 Qe7 32. Qg4 f5 33.
Qc4+ Kg7 34. Kf1 a5 35. Qc2 b6 36. Qd1 Qg5 37. Qe1 e4 38. Rd7+ Kh6 39. h4 Qxe3
40. Qxe3+ Bxe3 41. Rd6 Kh5 42. g3 h6 43. Ke2 Bc5 44. Rxc6 g5 45. hxg5 hxg5 46.
Kf1 Kg4 47. Kg2 f4 48. gxf4 gxf4 49. Rg6+ Kf5 50. Rg8 f3+ 51. Kf1 Kf4 52. Re8
Ke3 53. Ke1 Kd3 54. Re5 e3 55. Kd1 e2+ 0-1

[Event "Summer Cup"]
[Site "Wellington Chess Club"]
[Date "2021.02.04"]
[Round "2.7"]
[White "Pomeroy, Arthur"]
[Black "Langford, Josh"]
[Result "1/2-1/2"]
[WhiteElo "2039"]
[BlackElo "1680"]

1. e4 c6 2. d4 d5 3. e5 c5 4. dxc5 e6 5. a3 Bxc5 6. Qg4 Ne7 7. Bd3 Ng6 8. Nf3
Nc6 9. O-O O-O 10. Qh5 Be7 11. Bf4 Qb6 12. Nc3 Nd4 13. Nxd4 Qxd4 14. Ne2 Qb6
15. Be3 Qc7 16. Kh1 a5 17. f4 b6 18. Rf3 Ba6 19. Nd4 Bxd3 20. cxd3 Bc5 21. Rh3
h6 22. Nxe6 fxe6 23. Qxg6 Qf7 24. Qxf7+ Rxf7 25. d4 Be7 26. Rc1 Bd8 27. Bd2 Rc7
28. Rhc3 Rac8 29. Rxc7 Rxc7 30. Rxc7 Bxc7 31. a4 Kf7 32. g4 Ke7 33. Kg2 Kf7 34.
h4 Bd8 35. h5 g6 36. b4 Bc7 37. Kf3 Bd8 38. bxa5 bxa5 39. Bc3 Bb6 40. Ke3 Bd8
41. Bb2 Bc7 42. Ba3 Bd8 43. Bc5 Bc7 44. Ba7 Bd8 45. Bb8 Bb6 46. Bd6 Bd8 47. Kf3
Bb6 48. Bc5 Bd8 49. Ke3 Bc7 50. hxg6+ Kxg6 51. Bf8 Bd8 52. f5+ exf5 53. gxf5+
Kxf5 54. Bxh6 Ke6 55. Bf8 Bc7 56. Kf4 Bd8 57. Kg4 Bc7 58. Kg5 Bxe5 1/2-1/2

[Event "Summer Cup"]
[Site "Wellington Chess Club"]
[Date "2021.02.04"]
[Round "2.8"]
[White "Dixon, Hamish"]
[Black "Forster, Bill"]
[Result "0-1"]
[WhiteElo "1724"]
[BlackElo "2038"]

1. e4 c5 2. Nf3 a6 3. d4 cxd4 4. Nxd4 e5 5. Nf3 Nf6 6. Bg5 Qb6 7. Nbd2 Bc5 8.
Nc4 Qe6 9. Bxf6 gxf6 10. Qd2 Nc6 11. Ne3 Bxe3 12. Qxe3 b5 13. a4 b4 14. Qc5 Qe7
15. Qxe7+ Nxe7 16. Nh4 Bb7 17. f3 d5 18. exd5 Bxd5 19. Bd3 O-O 20. Kf2 a5 21.
Rhe1 Rac8 22. Re2 Rc5 23. Rae1 Be6 24. g4 Nd5 25. Be4 Rb8 26. Nf5 Bxf5 27. Bxf5
b3 28. cxb3 Rxb3 29. Bc2 Rb4 30. Ra1 Kg7 31. Bd3 Nf4 32. Rd2 Rxb2 33. Ke3 Rxd2
34. Kxd2 Rd5 35. Ra3 f5 36. gxf5 Kf6 37. Ke3 Rxd3+ 38. Rxd3 Nxd3 39. Kxd3 Kxf5
40. Ke3 Ke6 41. f4 exf4+ 42. Kxf4 Kd5 0-1